<?xml version="1.0" encoding="UTF-8"?>
<record
    xmlns:xsi="http://www.w3.org/2001/XMLSchema-instance"
    xsi:schemaLocation="http://www.loc.gov/MARC21/slim http://www.loc.gov/standards/marcxml/schema/MARC21slim.xsd"
    xmlns="http://www.loc.gov/MARC21/slim">

  <leader>03589nam2a2200409   4500</leader>
  <controlfield tag="001">rc\1231324</controlfield>
  <controlfield tag="005">20260406095214.0</controlfield>
  <datafield tag="035" ind1=" " ind2=" ">
    <subfield code="a">(NLR Aleph) 005287497</subfield>
  </datafield>
  <datafield tag="090" ind1=" " ind2=" ">
    <subfield code="a">6157835</subfield>
    <subfield code="c">6157835</subfield>
  </datafield>
  <datafield tag="100" ind1=" " ind2=" ">
    <subfield code="a">20060306d1891    u  y0rusy50      ca</subfield>
  </datafield>
  <datafield tag="101" ind1="1" ind2=" ">
    <subfield code="a">rus</subfield>
    <subfield code="a">gre</subfield>
    <subfield code="c">gre</subfield>
  </datafield>
  <datafield tag="102" ind1=" " ind2=" ">
    <subfield code="a">RU</subfield>
  </datafield>
  <datafield tag="105" ind1=" " ind2=" ">
    <subfield code="a">y   zw  001gy</subfield>
  </datafield>
  <datafield tag="200" ind1="1" ind2=" ">
    <subfield code="a">[&#x41F;&#x430;&#x438;&#x441;&#x438;&#x44F; &#x410;&#x433;&#x438;&#x430;&#x43F;&#x43E;&#x441;&#x442;&#x43E;&#x43B;&#x438;&#x442;&#x430; &#x43C;&#x438;&#x442;&#x440;&#x43E;&#x43F;&#x43E;&#x43B;&#x438;&#x442;&#x430; &#x420;&#x43E;&#x434;&#x441;&#x43A;&#x430;&#x433;&#x43E;, &#x43E;&#x43F;&#x438;&#x441;&#x430;&#x43D;&#x438;&#x435; &#x421;&#x432;&#x44F;&#x442;&#x43E;&#x439; &#x433;&#x43E;&#x440;&#x44B; &#x421;&#x438;&#x43D;&#x430;&#x439;&#x441;&#x43A;&#x43E;&#x439; &#x438; &#x435;&#x44F; &#x43E;&#x43A;&#x440;&#x435;&#x441;&#x442;&#x43D;&#x43E;&#x441;&#x442;&#x435;&#x439;, &#x432; &#x441;&#x442;&#x438;&#x445;&#x430;&#x445; &#x43D;&#x430;&#x43F;&#x438;&#x441;&#x430;&#x43D;&#x43D;&#x43E;&#x435;, &#x43C;&#x435;&#x436;&#x434;&#x443; 1577 &#x438; 1592 &#x433;&#x433;.</subfield>
    <subfield code="f">&#x438;&#x437;&#x434;&#x430;&#x43D;&#x43D;&#x43E;&#x435; &#x432; &#x43F;&#x435;&#x440;&#x432;&#x44B;&#x439; &#x440;&#x430;&#x437; &#x441; &#x43F;&#x440;&#x435;&#x434;&#x438;&#x441;&#x43B;&#x43E;&#x432;&#x438;&#x435;&#x43C; &#x410;. &#x418;. &#x41F;&#x430;&#x43F;&#x430;&#x434;&#x43E;&#x43F;&#x443;&#x43B;&#x43E;-&#x41A;&#x435;&#x440;&#x430;&#x43C;&#x435;&#x432;&#x441;&#x43E;&#x43C; &#x438; &#x43F;&#x435;&#x440;&#x435;&#x432;&#x435;&#x434;&#x435;&#x43D;&#x43D;&#x43E;&#x435; &#x413;. &#x421;. &#x414;&#x435;&#x441;&#x442;&#x443;&#x43D;&#x438;&#x441;&#x43E;&#x43C;]</subfield>
  </datafield>
  <datafield tag="210" ind1=" " ind2=" ">
    <subfield code="d">1891</subfield>
  </datafield>
  <datafield tag="215" ind1=" " ind2=" ">
    <subfield code="a">[4], XX, 205, [1] &#x441;.</subfield>
    <subfield code="d">26</subfield>
  </datafield>
  <datafield tag="300" ind1=" " ind2=" ">
    <subfield code="a">&#x417;&#x430;&#x433;&#x43B;. &#x432; &#x432;&#x435;&#x440;&#x445;&#x43D;&#x435;&#x43C; &#x43A;&#x43E;&#x43B;&#x43E;&#x43D;&#x442;&#x438;&#x442;&#x443;&#x43B;&#x435;: &#x41F;&#x430;&#x438;&#x441;&#x438;&#x44F; &#x43E;&#x43F;&#x438;&#x441;&#x430;&#x43D;&#x438;&#x435; &#x421;&#x438;&#x43D;&#x430;&#x44F;</subfield>
  </datafield>
  <datafield tag="300" ind1=" " ind2=" ">
    <subfield code="a">&#x417;&#x430;&#x433;&#x43B;. &#x442;&#x430;&#x43A;&#x436;&#x435; &#x43D;&#x430; &#x433;&#x440;&#x435;&#x447;. &#x44F;&#x437;.</subfield>
  </datafield>
  <datafield tag="300" ind1=" " ind2=" ">
    <subfield code="a">&#x41E;&#x441;&#x43D;. &#x442;&#x435;&#x43A;&#x441;&#x442; &#x43F;&#x430;&#x440;&#x430;&#x43B;.: &#x433;&#x440;&#x435;&#x447;., &#x440;&#x443;&#x441;.</subfield>
  </datafield>
  <datafield tag="320" ind1=" " ind2=" ">
    <subfield code="a">&#x423;&#x43A;&#x430;&#x437;. &#x43D;&#x430; &#x433;&#x440;&#x435;&#x447;. &#x44F;&#x437;.: &#x441;. 17, 181&#x2013;198</subfield>
  </datafield>
  <datafield tag="320" ind1=" " ind2=" ">
    <subfield code="a">&#x423;&#x43A;&#x430;&#x437;. &#x441;&#x43E;&#x431;&#x441;&#x442;&#x432;. &#x438;&#x43C;&#x435;&#x43D;: &#x441;. 199&#x2013;205</subfield>
  </datafield>
  <datafield tag="327" ind1="1" ind2=" ">
    <subfield code="a">&#x412; &#x43F;&#x440;&#x438;&#x43B;.: &#x41C;&#x435;&#x43B;&#x435;&#x442;&#x438;&#x44F; &#x41F;&#x438;&#x433;&#x430;, &#x43F;&#x430;&#x43F;&#x44B; &#x438; &#x43F;&#x430;&#x442;&#x440;&#x438;&#x430;&#x440;&#x445;&#x430; &#x410;&#x43B;&#x435;&#x43A;&#x441;&#x430;&#x43D;&#x434;&#x440;&#x438;&#x439;&#x441;&#x43A;&#x430;&#x433;&#x43E;, &#x43F;&#x438;&#x441;&#x44C;&#x43C;&#x430; &#x43A; &#x41F;&#x430;&#x438;&#x441;&#x438;&#x44E; &#x410;&#x433;&#x438;&#x430;&#x43F;&#x43E;&#x441;&#x442;&#x43E;&#x43B;&#x438;&#x442;&#x443;</subfield>
  </datafield>
  <datafield tag="421" ind1=" " ind2="0">
    <subfield code="1">2001#$a&#x41C;&#x435;&#x43B;&#x435;&#x442;&#x438;&#x44F; &#x41F;&#x438;&#x433;&#x430;, &#x43F;&#x430;&#x43F;&#x44B; &#x438; &#x43F;&#x430;&#x442;&#x440;&#x438;&#x430;&#x440;&#x445;&#x430; &#x410;&#x43B;&#x435;&#x43A;&#x441;&#x430;&#x43D;&#x434;&#x440;&#x438;&#x439;&#x441;&#x43A;&#x430;&#x433;&#x43E;, &#x43F;&#x438;&#x441;&#x44C;&#x43C;&#x430; &#x43A; &#x41F;&#x430;&#x438;&#x441;&#x438;&#x44E; &#x410;&#x433;&#x438;&#x430;&#x43F;&#x43E;&#x441;&#x442;&#x43E;&#x43B;&#x438;&#x442;&#x443;</subfield>
    <subfield code="1">700#0$a&#x41C;&#x435;&#x43B;&#x435;&#x442;&#x438;&#x439; &#x41F;&#x438;&#x433;&#x430;&#x441;$c&#x43F;&#x430;&#x442;&#x440;&#x438;&#x430;&#x440;&#x445; &#x410;&#x43B;&#x435;&#x43A;&#x441;&#x430;&#x43D;&#x434;&#x440;&#x438;&#x439;&#x441;&#x43A;&#x438;&#x439;$dI$f1549-1601$3RU\NLR\AUTH\770287554</subfield>
    <subfield code="t">&#x41C;&#x435;&#x43B;&#x435;&#x442;&#x438;&#x44F; &#x41F;&#x438;&#x433;&#x430;, &#x43F;&#x430;&#x43F;&#x44B; &#x438; &#x43F;&#x430;&#x442;&#x440;&#x438;&#x430;&#x440;&#x445;&#x430; &#x410;&#x43B;&#x435;&#x43A;&#x441;&#x430;&#x43D;&#x434;&#x440;&#x438;&#x439;&#x441;&#x43A;&#x430;&#x433;&#x43E;, &#x43F;&#x438;&#x441;&#x44C;&#x43C;&#x430; &#x43A; &#x41F;&#x430;&#x438;&#x441;&#x438;&#x44E; &#x410;&#x433;&#x438;&#x430;&#x43F;&#x43E;&#x441;&#x442;&#x43E;&#x43B;&#x438;&#x442;&#x443;</subfield>
    <subfield code="a">&#x41C;&#x435;&#x43B;&#x435;&#x442;&#x438;&#x439; &#x41F;&#x438;&#x433;&#x430;&#x441; (&#x43F;&#x430;&#x442;&#x440;&#x438;&#x430;&#x440;&#x445; &#x410;&#x43B;&#x435;&#x43A;&#x441;&#x430;&#x43D;&#x434;&#x440;&#x438;&#x439;&#x441;&#x43A;&#x438;&#x439; ; 1549-1601)</subfield>
  </datafield>
  <datafield tag="461" ind1=" " ind2="0">
    <subfield code="1">001rc\1231292</subfield>
    <subfield code="1">2001#$a&#x41F;&#x440;&#x430;&#x432;&#x43E;&#x441;&#x43B;&#x430;&#x432;&#x43D;&#x44B;&#x439; &#x41F;&#x430;&#x43B;&#x435;&#x441;&#x442;&#x438;&#x43D;&#x441;&#x43A;&#x438;&#x439; &#x441;&#x431;&#x43E;&#x440;&#x43D;&#x438;&#x43A;$v&#x422;. 12, &#x432;&#x44B;&#x43F;. 2 (35)</subfield>
    <subfield code="9">6157764</subfield>
    <subfield code="c">&#x421;. &#x41F;&#x435;&#x442;&#x435;&#x440;&#x431;&#x443;&#x440;&#x433; [&#x421;&#x430;&#x43D;&#x43A;&#x442;-&#x41F;&#x435;&#x442;&#x435;&#x440;&#x431;&#x443;&#x440;&#x433;]</subfield>
    <subfield code="d">1881&#x2013;1916</subfield>
    <subfield code="n">&#x438;&#x437;&#x434;&#x430;&#x43D;&#x438;&#x435; &#x41F;&#x440;&#x430;&#x432;&#x43E;&#x441;&#x43B;&#x430;&#x432;&#x43D;&#x430;&#x433;&#x43E; &#x41F;&#x430;&#x43B;&#x435;&#x441;&#x442;&#x438;&#x43D;&#x441;&#x43A;&#x430;&#x433;&#x43E; &#x41E;&#x431;&#x449;&#x435;&#x441;&#x442;&#x432;&#x430;</subfield>
    <subfield code="t">&#x41F;&#x440;&#x430;&#x432;&#x43E;&#x441;&#x43B;&#x430;&#x432;&#x43D;&#x44B;&#x439; &#x41F;&#x430;&#x43B;&#x435;&#x441;&#x442;&#x438;&#x43D;&#x441;&#x43A;&#x438;&#x439; &#x441;&#x431;&#x43E;&#x440;&#x43D;&#x438;&#x43A;</subfield>
    <subfield code="u">https://webservices.nlr.ru/viewer/file?name=t005287490_001.jpg</subfield>
    <subfield code="v">&#x422;. 12, &#x432;&#x44B;&#x43F;. 2 (35)</subfield>
  </datafield>
  <datafield tag="515" ind1="1" ind2=" ">
    <subfield code="a">&#x41F;&#x430;&#x438;&#x441;&#x438;&#x44F; &#x43E;&#x43F;&#x438;&#x441;&#x430;&#x43D;&#x438;&#x435; &#x421;&#x438;&#x43D;&#x430;&#x44F;</subfield>
  </datafield>
  <datafield tag="518" ind1="1" ind2=" ">
    <subfield code="a">&#x41F;&#x430;&#x438;&#x441;&#x438;&#x44F; &#x410;&#x433;&#x438;&#x430;&#x43F;&#x43E;&#x441;&#x442;&#x43E;&#x43B;&#x438;&#x442;&#x430;, &#x43C;&#x438;&#x442;&#x440;&#x43E;&#x43F;&#x43E;&#x43B;&#x438;&#x442;&#x430; &#x420;&#x43E;&#x434;&#x441;&#x43A;&#x43E;&#x433;&#x43E;, &#x43E;&#x43F;&#x438;&#x441;&#x430;&#x43D;&#x438;&#x435; &#x441;&#x432;&#x44F;&#x442;&#x43E;&#x439; &#x433;&#x43E;&#x440;&#x44B; &#x421;&#x438;&#x43D;&#x430;&#x439;&#x441;&#x43A;&#x43E;&#x439; &#x438; &#x435;&#x451; &#x43E;&#x43A;&#x440;&#x435;&#x441;&#x442;&#x43D;&#x43E;&#x441;&#x442;&#x435;&#x439;, &#x432; &#x441;&#x442;&#x438;&#x445;&#x430;&#x445; &#x43D;&#x430;&#x43F;&#x438;&#x441;&#x430;&#x43D;&#x43D;&#x43E;&#x435;, &#x43C;&#x435;&#x436;&#x434;&#x443; 1577 &#x438; 1592 &#x433;&#x433;.</subfield>
  </datafield>
  <datafield tag="540" ind1="1" ind2=" ">
    <subfield code="a">&#x41E;&#x43F;&#x438;&#x441;&#x430;&#x43D;&#x438;&#x435; &#x441;&#x432;&#x44F;&#x442;&#x43E;&#x439; &#x433;&#x43E;&#x440;&#x44B; &#x421;&#x438;&#x43D;&#x430;&#x439;&#x441;&#x43A;&#x43E;&#x439; &#x438; &#x435;&#x435; &#x43E;&#x43A;&#x440;&#x435;&#x441;&#x442;&#x43D;&#x43E;&#x441;&#x442;&#x435;&#x439;, &#x432; &#x441;&#x442;&#x438;&#x445;&#x430;&#x445; &#x43D;&#x430;&#x43F;&#x438;&#x441;&#x430;&#x43D;&#x43D;&#x43E;&#x435; &#x43C;&#x435;&#x436;&#x434;&#x443; 1577 &#x438; 1592 &#x433;&#x433;., &#x438;&#x437;&#x434;&#x430;&#x43D;&#x43D;&#x43E;&#x435; &#x432; &#x43F;&#x435;&#x440;&#x432;&#x44B;&#x439; &#x440;&#x430;&#x437; &#x441; &#x43F;&#x440;&#x435;&#x434;&#x438;&#x441;&#x43B;&#x43E;&#x432;&#x438;&#x435;&#x43C; &#x410;. &#x418;. &#x41F;&#x430;&#x43F;&#x430;&#x434;&#x43E;&#x43F;&#x443;&#x43B;&#x43E;-&#x41A;&#x435;&#x440;&#x430;&#x43C;&#x435;&#x432;&#x441;&#x43E;&#x43C; &#x438; &#x43F;&#x435;&#x440;&#x435;&#x432;&#x435;&#x434;&#x435;&#x43D;&#x43D;&#x43E;&#x435; &#x413;. &#x421;. &#x414;&#x435;&#x441;&#x442;&#x443;&#x43D;&#x438;&#x441;&#x43E;&#x43C;</subfield>
  </datafield>
  <datafield tag="701" ind1=" " ind2="0">
    <subfield code="7">ca</subfield>
    <subfield code="8">rus</subfield>
    <subfield code="a">&#x41F;&#x430;&#x438;&#x441;&#x438;&#x439; &#x410;&#x433;&#x438;&#x430;&#x43F;&#x43E;&#x441;&#x442;&#x43E;&#x43B;&#x438;&#x442;</subfield>
    <subfield code="f">16 &#x432;.</subfield>
    <subfield code="3">RU\NLR\AUTH\770287620</subfield>
    <subfield code="9">2689579</subfield>
  </datafield>
  <datafield tag="702" ind1=" " ind2="1">
    <subfield code="4">080</subfield>
    <subfield code="4">650</subfield>
    <subfield code="7">ca</subfield>
    <subfield code="8">rus</subfield>
    <subfield code="a">&#x41F;&#x430;&#x43F;&#x430;&#x434;&#x43E;&#x43F;&#x443;&#x43B;&#x43E;-&#x41A;&#x435;&#x440;&#x430;&#x43C;&#x435;&#x432;&#x441;</subfield>
    <subfield code="b">&#x410;. &#x418;.</subfield>
    <subfield code="f">1856-1912</subfield>
    <subfield code="g">&#x410;&#x444;&#x430;&#x43D;&#x430;&#x441;&#x438;&#x439; &#x418;&#x432;&#x430;&#x43D;&#x43E;&#x432;&#x438;&#x447;</subfield>
    <subfield code="3">RU\NLR\AUTH\7792583</subfield>
    <subfield code="9">75510</subfield>
  </datafield>
  <datafield tag="702" ind1=" " ind2="1">
    <subfield code="a">&#x414;&#x435;&#x441;&#x442;&#x443;&#x43D;&#x438;&#x441;</subfield>
    <subfield code="b">&#x413;. &#x421;.</subfield>
    <subfield code="f">1818-1895</subfield>
    <subfield code="g">&#x413;&#x430;&#x432;&#x440;&#x438;&#x438;&#x43B; &#x421;&#x43F;&#x438;&#x440;&#x438;&#x434;&#x43E;&#x43D;&#x43E;&#x432;&#x438;&#x447;</subfield>
    <subfield code="4">730</subfield>
  </datafield>
  <datafield tag="801" ind1=" " ind2="0">
    <subfield code="a">RU</subfield>
    <subfield code="b">NLR</subfield>
    <subfield code="c">20060306</subfield>
    <subfield code="g">psbo</subfield>
  </datafield>
  <datafield tag="801" ind1=" " ind2="1">
    <subfield code="a">RU</subfield>
    <subfield code="b">ProSoft-M</subfield>
    <subfield code="c">20060306</subfield>
    <subfield code="2">rusmarc</subfield>
  </datafield>
  <datafield tag="801" ind1=" " ind2="2">
    <subfield code="a">RU</subfield>
    <subfield code="b">NLR</subfield>
    <subfield code="c">20060320</subfield>
    <subfield code="2">rusmarc</subfield>
  </datafield>
  <datafield tag="852" ind1=" " ind2=" ">
    <subfield code="a">NLR</subfield>
    <subfield code="j">18.311.1.9(35)</subfield>
  </datafield>
  <datafield tag="942" ind1=" " ind2=" ">
    <subfield code="c">BOOK</subfield>
  </datafield>
  <datafield tag="980" ind1=" " ind2=" ">
    <subfield code="a">NB</subfield>
  </datafield>
  <datafield tag="995" ind1=" " ind2=" ">
    <subfield code="5">2013-10-26</subfield>
    <subfield code="b">NLR02</subfield>
    <subfield code="c">NLR02</subfield>
    <subfield code="e">RFS</subfield>
    <subfield code="f">5287497-10</subfield>
    <subfield code="k">18.311.1.9</subfield>
    <subfield code="o">0</subfield>
    <subfield code="r">BOOK</subfield>
    <subfield code="s">1831119_</subfield>
  </datafield>
</record>
